000
00290nam a22001337a 4500
008
181107b xxu||||| |||| 00| 0 eng d
020
_a
0898749611
041
_a
eng
080
_a
159.9
100
_a
49
101
_a
PSI
245
_a
Conceiving the Self
_c
Rosenberg, M
942
_2
udc
_c
BK
999
_c
52241
_d
52241